| 000 | 02304cam a2200433Ia 4500 | ||
|---|---|---|---|
| 001 | 7083810 | ||
| 005 | 20220326193310.0 | ||
| 008 | 071211s2007 dr a bc 000 0dspa d | ||
| 020 | _a9789945859645 | ||
| 020 | _a9945859641 | ||
| 035 | _a(OCoLC)ocn183338303 | ||
| 035 | _a(OCoLC)183338303 | ||
| 035 | _a(NNC)7083810 | ||
| 040 |
_aCAM _cCAM _dCAM |
||
| 041 | 0 |
_aspa _aeng |
|
| 043 | _as-ve--- | ||
| 082 |
_a709.87 _bD278o |
||
| 090 |
_aN5230.V42 _bD47 2007 |
||
| 100 |
_aJorge F. Rivas _92040 |
||
| 110 |
_aColección Patricia Phelps de Cisneros. _92041 |
||
| 245 | 0 | 0 |
_aDe oficio pintor : _barte colonial venezolano : colección Patricia Phelps de Cisneros. _cJorge F. Rivas |
| 246 | 1 | 5 |
_aPainter by trade : _bVenezuelan colonial art |
| 260 |
_aSantiago de los Caballeros, República Dominicana : _bCentro Léon ; _aCaracas : _bFundación Cisneros, _cc2007. |
||
| 300 |
_a124 p. : _bcol. ill. ; _c29 cm. |
||
| 500 | _aCatalog of an exhibition of the same name held June 21-Sept. 16, 2007 at Centro Léon, Santiago de los Caballeros, Domican Republic. | ||
| 504 | _aIncludes bibliographical references (p. 104-107). | ||
| 505 |
_tIntroducccion _rJorge F. Rivas _tBreves comentarios sobre el oficio de pintor en Venezuela 1600-1822 _rJorge F. Rivas _tPintura religiosa en Santo Domingo durante la colonia. Dos Colecciones del siglo XVIII _rMaria Ugalde _tI - Los primetos Maestros _tII - Los talleres _tIII- Mas alla del lienzo _tVI- La iglesia, cofradias y conventos _tV-La devocion privada _tVI- Intercambios _tVII- La escuela de Caracas _tCatalogo de obras _tNotas bibliográficas de los artistas _rMaria Esther Pino _tBibliografia _tExhibiciones |
||
| 546 | _aSpanish and English. | ||
| 600 | 1 | 0 |
_aPhelps de Cisneros, Patricia _xArt collections _vExhibitions. _92042 |
| 610 | 2 | 0 |
_aColección Patricia Phelps de Cisneros _vExhibitions. _92043 |
| 650 | 0 |
_aArt, Spanish colonial _zVenezuela _vExhibitions. _92044 |
|
| 650 | 0 |
_aArt, Venezuelan _vExhibitions. _92045 |
|
| 650 | 0 |
_aArt _xPrivate collections _zVenezuela _vExhibitions. _92046 |
|
| 650 | 0 |
_aArt _xCollectors and collecting _zVenezuela _vExhibitions. _92047 |
|
| 710 | 2 |
_aColección Patricia Phelps de Cisneros. _92048 |
|
| 710 | 2 |
_aCentro Cultural Eduardo León Jimenes. _92049 |
|
| 948 | 1 |
_a20090306 _bc _crhg9 _dSCMC |
|
| 999 |
_c424 _d424 |
||